Simplicial objects in algebraic topology

保存先:
書誌詳細
第一著者: May, J. Peter (autor)
フォーマット: 図書
言語:英語
出版事項: Princeton Van Nostrand 1967
シリーズ:Van Nostrand Mathematical Studies, 11
主題:
タグ: タグ追加
タグなし, このレコードへの初めてのタグを付けませんか!

MARC

LEADER 00000nam a2200000 a 4500
001 UCW1231
003 CL-VaPUC
008 911216e19670000US |||||||||||||||||eng|d
082 0 4 |a 514.2  |b MAY  |2 21 
100 |a May, J. Peter  |e autor  |9 426416 
245 1 0 |a Simplicial objects in algebraic topology 
300 |a 161 p 
942 |c BK 
945 |d 19911216 00:00:00 
260 |a Princeton  |b Van Nostrand  |c 1967 
650 0 |a Topología algebraica   |9 269858 
650 7 |a COMPLEJOS MATEMATICAS  |2 CL-VaPUC  |9 270633 
583 |a last modification  |c 20120529 12:19:31  |k Rodrigo Vera 
490 0 |a Van Nostrand Mathematical Studies, 11 
999 |c 216150  |d 216148 
952 |0 0  |1 0  |4 0  |6 514_200000000000000_MAY_1967  |7 0  |8 A  |9 201640  |a BIBMAT  |b BIBMAT  |d 2019-11-14  |i 2688948  |o 514.2 MAY 1967  |p 2688948  |r 2025-01-07  |w 2019-11-14  |y BK  |k MAT